Vulcani italiani - Statistics

Statistiche generali
  • Questo quiz è stato fatto 59 volte
  • Il punteggio medio è 5 su 11
Statistiche sulle risposte
Ultima eruzione Provincia Vulcano % Corretto
2023 Catania Etna
100%
1944 Napoli Vesuvio
98%
2021 Messina Stromboli
93%
1890 Messina Vulcano
82%
1538 Napoli Campi Flegrei
38%
1911 Agrigento Campi Flegrei del Mar di Sicilia (Empedocle)
38%
1230 Messina Lipari
31%
1302 Napoli Ischia (Mone Epomeo)
18%
1891 Trapani Pantelleria
15%
1550 Messina Vulcanello
5%
1282 Grosseto Lago Boracifero
4%
Nessun quiz corrispondente trovato
Distribuzione punteggi
Percentuale di utenti per punteggio
Percentile per numero di risposta
I tuoi punteggi nel tempo
Non hai fatto questo quiz